000 nam a22 7a 4500
999 _c10811
_d10811
008 180226b ||||| |||| 00| 0 eng d
100 _aResearch Foundation for Science Technology and Ecology
_96650
245 _aRani and Falicity: A Tall of Two Chicken
260 _aNew Delhi
_bRFSTE
_c2004